01742nam a2200385 a 4500001001200000003000800012006001900020007001500039008004100054010001700095020002800112040002100140035002100161043001200182050002800194082001700222100002800239245010400267260007000371300001400441504006400455505020600519533015200725600003100877630003600908650002400944650007500968651004301043651004301086651004001129655002901169710001701198856012601215999001501341ebr10267283CaPaEBRm u cr cn|||||||||050112s2006 dcu sb 001 0deng  z 2005000845 z0813214270 (alk. paper) aCaPaEBRcCaPaEBR a(OCoLC)646786303 ae-ie---14aBX4705.W297bS36 2006eb04a282/.0922221 aScotti, Paschal,d1961-10aOut of due timeh[electronic resource] :bWilfrid Ward and the Dublin review /cDom Paschal Scotti. aWashington, D.C. :bCatholic University of America Press,cc2006. ax, 329 p. aIncludes bibliographical references (p. 309-324) and index.0 aThe intellectual politician -- English Catholicism and the Dublin review -- Transcendence, revelation, and immanence -- Politics -- Society -- Literature -- Ireland -- Foreign affairs -- The Great War. aElectronic reproduction.bPalo Alto, Calif. :cebrary,d2013.nAvailable via World Wide Web.nAccess may be limited to ebrary affiliated libraries.10aWard, Wilfrid,d1856-1916.00aDublin review (Dublin, Ireland) 0aCatholicszIreland. 0aEnglish literaturexIrish authorsxHistory and criticismvPeriodicals. 0aIrelandxChurch historyy19th century. 0aIrelandxChurch historyy20th century. 0aIrelandxCivilizationvPeriodicals. 7aElectronic books.2local2 aebrary, Inc.40uhttp://site.ebrary.com/lib/rucke/Doc?id=10267283zAn electronic book accessible through the World Wide Web; click to view c8788d8788